000 00204 a2200109 4500
020 _a9780553379013
041 _aeng
100 _aQuinn, Daniel
245 _aThe story of B
942 _cBK
952 _71
999 _c18437
_d18437